| 000 | 00493nam a22001691a 4500 | ||
|---|---|---|---|
| 001 | 6876 | ||
| 003 | OSt | ||
| 005 | 20260204212107.0 | ||
| 008 | 060824s1987||||dr ||||||b||||||||||spa|| | ||
| 050 | _aRD 711 M813m | ||
| 100 | _aMoré, Gustavo Luís | ||
| 245 | _aManual bibliográfico sobre la arquitectura y el urbanismo en la historia del gran Caribe 1492-1900 / Gustavo Luís Moré | ||
| 264 | _aSanto Domingo : Casas Reales | ||
| 300 | _a267 p | ||
| 650 | _a1.UrbanismoÌ | ||
| 942 |
_2ddc _cBK |
||
| 999 |
_c6876 _d6876 |
||